LEADER 01279nam0-2200373---450- 001 990008324660403321 005 20060510095114.0 010 $a2-7453-1190-5 035 $a000832466 035 $aFED01000832466 035 $a(Aleph)000832466FED01 035 $a000832466 100 $a20060510d2005----km-y0itay50------ba 101 0 $afre 102 $aFR 105 $ay-------101yy 200 1 $aMorales et politique$eactes du colloque international$forganisé par le Groupe d'Étude des moralistes, Centre d'Étude de la langue et de la littérature françaises des 17. et 18. siècles, UMR 8599 du CNRS$gtextes réunis par Jean Dagen, Marc Escola et Martin Rueff$gpréface de Jean Dagen 210 $aParis$cChampion$d2005 215 $a640 p.$d23 cm 225 1 $aMoralia$v13 610 0 $aFilosofia politica$aFrancia$aSec. 17.-18.$aCongressi 676 $a172$v21$zita 676 $a320.01$v21$zita 702 1$aRueff,$bMartin 702 1$aEscola,$bMarc 702 1$aDagen,$bJean 710 02$aGroupe d'Étude des Moralistes$0424709 801 0$aIT$bUNINA$c20060510$gRICA$2UNIMARC 901 $aBK 912 $a990008324660403321 952 $aP.1 P 598$bBibl. 52995$fFLFBC 959 $aFLFBC 996 $aMorales et politique$9743663 997 $aUNINA LEADER 02432nam 2200637Ia 450 001 9910463827803321 005 20200520144314.0 010 $a1-283-85640-9 010 $a90-04-21575-1 024 7 $a10.1163/ej.9789004188723.i-318 035 $a(CKB)3330000000000230 035 $a(EBL)1092438 035 $a(OCoLC)760720607 035 $a(SSID)ssj0000726479 035 $a(PQKBManifestationID)11455147 035 $a(PQKBTitleCode)TC0000726479 035 $a(PQKBWorkID)10674137 035 $a(PQKB)10085435 035 $a(MiAaPQ)EBC1092438 035 $a(nllekb)BRILL9789004215757 035 $a(PPN)170427706 035 $a(Au-PeEL)EBL1092438 035 $a(CaPaEBR)ebr10633295 035 $a(CaONFJC)MIL416890 035 $a(EXLCZ)993330000000000230 100 $a20101007d2011 uy 0 101 0 $aara 135 $aur|n|---||||| 181 $ctxt 182 $cc 183 $acr 200 10$aBasran Mutazilite theology$b[electronic resource] $eAbu Ali Muhammad b. Khallad's Kitab al-usul and its reception : a critical edition of the Ziyadat Sharh al-usul by the Zaydi Imam al-Natiq bi-l-haqq Abu Talib Yahya b. al-Husayn b. Harun al-Buthani /$fby Camilla Adang, Wilferd Madelung, Sabine Schmidtke 210 $aLeiden ;$aBoston $cBrill$d2011 215 $a1 online resource (324 p.) 225 0$aIslamic history and civilization ;$vv. 85 300 $aIncludes indexes. 311 $a90-04-18872-X 327 $aINTRODUCTION; The Manuscript 330 $aIbn Khall?d was a disciple of the famous Mu?tazil? theologian, Ab? H?shim al-Jubb??? (d. 933). His otherwise lost theological summa, K. al-U??l, has reached us embedded in the Ziy?d?t Shar? al-U??l by the Zayd? Im?m al-N??iq bi-l-?aqq (d. 1033). This volume contains an editio princeps of this text. 410 0$aIslamic History and Civilization$v85. 606 $aMotazilites$vEarly works to 1800 608 $aElectronic books. 615 0$aMotazilites 676 $a297.2 676 $a297.20434 700 $aNa?t?iq bi-al-H?aqq$b Yah?ya? ibn al-H?usayn$f951 or 2-1032 or 3.$0967888 701 $aAdang$b Camilla$0696648 701 $aMadelung$b Wilferd$0967889 701 $aSchmidtke$b Sabine$0934738 801 0$bMiAaPQ 801 1$bMiAaPQ 801 2$bMiAaPQ 906 $aBOOK 912 $a9910463827803321 996 $aBasran Mutazilite theology$92198085 997 $aUNINA LEADER 03497oam 2200781I 450 001 9910961478103321 005 20251117084632.0 010 $a1-136-33843-8 010 $a1-283-58593-6 010 $a9786613898388 010 $a0-203-12332-8 010 $a1-136-33844-6 024 7 $a10.4324/9780203123324 035 $a(CKB)2670000000237895 035 $a(EBL)1016051 035 $a(OCoLC)811502781 035 $a(SSID)ssj0000705845 035 $a(PQKBManifestationID)12285916 035 $a(PQKBTitleCode)TC0000705845 035 $a(PQKBWorkID)10622634 035 $a(PQKB)11731680 035 $a(MiAaPQ)EBC1016051 035 $a(Au-PeEL)EBL1016051 035 $a(CaPaEBR)ebr10596409 035 $a(CaONFJC)MIL389838 035 $a(OCoLC)810077876 035 $a(FINmELB)ELB136845 035 $a(PPN)174717423 035 $a(EXLCZ)992670000000237895 100 $a20180706d2012 uy 0 101 0 $aeng 135 $aur|n|---||||| 181 $ctxt 182 $cc 183 $acr 200 00$aRegulating next generation agri-food bio-technologies $elessons from European, North American, and Asian experiences /$fedited by Michael Howlett and David Laycock 205 $a1st ed. 210 1$aAbingdon, Oxon ;$aNew York, N.Y. :$cRoutledge,$d2012. 215 $a1 online resource (289 p.) 225 1 $aGenetics and society 225 0$aGenetics and society 300 $aDescription based upon print version of record. 311 08$a1-138-02009-5 311 08$a0-415-69361-6 320 $aIncludes bibliographical references and index. 327 $apt. 1. First and second generation agri-food genetic technologies and regulatory regimes : issues and overviews -- pt. 2. Regulatory regime development theory and practice -- pt. 3. GMO regulatory regimes in practice : Europe, Asia, and North America -- pt. 4. Lessons from other high technology sectors -- pt. 5. Agricultural biotechnologies and the public : deliberation, opinion, ethics, and participation. 330 $aAgri-food bio-technology policy and regulation is transitioning from an early period focused on genetic engineering technologies to 'next-generation' rules and regulatory processes linked to challenges originating in a wide variety of new technological processes and applications. Can lessons learned from past and current regulatory oversights of agricultural biotechnology - and other high-technology sectors - help us address new and emerging regulatory challenges in the agri-food genetics sector?The expert contributors in this volume discuss the experiences of a wide range of North A 410 0$aGenetics and society (Series) 606 $aAgricultural biotechnology$xGovernment policy 606 $aAgriculture and state 606 $aAgricultural biotechnology$zEurope 606 $aAgricultural biotechnology$zNorth America 606 $aAgricultural biotechnology$zAsia 615 0$aAgricultural biotechnology$xGovernment policy. 615 0$aAgriculture and state. 615 0$aAgricultural biotechnology 615 0$aAgricultural biotechnology 615 0$aAgricultural biotechnology 676 $a630 701 $aHowlett$b Michael$f1955-$0151007 701 $aLaycock$b David H.$f1954-$0269056 801 0$bMiAaPQ 801 1$bMiAaPQ 801 2$bMiAaPQ 906 $aBOOK 912 $a9910961478103321 996 $aRegulating next generation agri-food bio-technologies$94495230 997 $aUNINA